| 000 | 00585nam a2200193 u 4500 | ||
|---|---|---|---|
| 005 | 20250307063804.0 | ||
| 008 | 100318s2003 r 000 0 eng d | ||
| 020 | _a9589401740 | ||
| 035 | _aUPN01000175236 | ||
| 049 | _aCG | ||
| 050 | 4 |
_aRA781 _bA3.7 |
|
| 245 | 0 | 0 |
_aActividad física y salud para la vida / _ccoord. Gladys Elena Campo Sánchez. |
| 260 |
_aArmenia, Col. : _bKinesis, _c2003. |
||
| 300 |
_a292 p. : _bil. |
||
| 440 | 0 | _aDeporte para todos | |
| 650 | 2 |
_aEjercicio - _xAspectos de la salud _915618 |
|
| 700 | 1 |
_aCampo Sánchez, Gladys Elena, _ecoord. |
|
| 905 | _aLibro | ||
| 999 |
_c147340 _d147340 |
||